| 000 | 00849nam a2200229 i 4500 | ||
|---|---|---|---|
| 001 | 9620 | ||
| 003 | ES-MaACL | ||
| 005 | 20230906145725.0 | ||
| 007 | t| | ||
| 008 | 931112s1991 sp a |||| | spa d | ||
| 020 | _a84-400-3176-9 | ||
| 080 | _a914.671(234.1 Pirineos)(026) | ||
| 100 | 1 |
_aEnríquez de Salamanca, Cayetano. _947285 |
|
| 245 | 1 | 0 |
_aPor el Pirineo Catalán _b: (Valle de Arán y Parque Nacional de Aigües Tortes) / _cCayetano Enríquez de Salamanca ; prólogo de Agustí Faus. |
| 250 | _a5ª ed. | ||
| 260 |
_aLas Rozas de Madrid : _bC. Enríquez de Salamanca, _c1991. |
||
| 300 |
_a175 p. : _bil. col. y n. ; _c24 cm. |
||
| 651 | 4 |
_aPirineos catalanes (España)- _vGuías turísticas. _9158853 |
|
| 651 | 4 |
_aPirineos catalanes (España)- _xDescripción. _9150167 |
|
| 700 | 1 |
_aFaus, Agustín. _948973 |
|
| 852 |
_aES-MaACL _jL-17141 |
||
| 999 |
_c9620 _d9620 |
||